000
00270nam a2200121Ia 4500
008
190216s9999||||xx |||||||||||||| ||und||
100
_a
Anthony Trollope
245
4
_a
The Three Clerks
260
_b
Longmans
_c
1952
300
_a
118p
650
_a
Speeches
942
_c
BK
999
_c
11723
_d
11723